[Event "Reykjavik op"]
[Site "Reykjavik"]
[Date "2024.03.20"]
[Round "8"]
[White "Helgadottir, Idunn"]
[Black "Leliveld, Andrew"]
[Result "1-0"]
[WhiteElo "1849"]
[BlackElo "1657"]
[PlyCount "99"]
[EventDate "2024.03.15"]
[EventType "swiss"]
[EventRounds "9"]
[EventCountry "ISL"]
[SourceTitle "CBM 219 Extra"]
[Source "ChessBase"]
[SourceDate "2024.05.31"]
[SourceVersion "1"]
[SourceVersionDate "2024.05.31"]
[SourceQuality "1"]

1. d4 f5 2. Bg5 Nf6 3. Bxf6 exf6 4. Nc3 b6 5. Qd2 Bb7 6. f3 d5 7. 0-0-0 Nd7 8. Qf4 g6 9. e4 Bd6 10. Qe3 Qe7 11. Re1 0-0-0 12. Nb5 fxe4 13. Nxa7+ Kb8 14. Nb5 f5 15. Nh3 h6 16. Qb3 c6 17. Nxd6 Qxd6 18. g3 g5 19. Bg2 exf3 20. Qxf3 g4 21. Qf4 Nf6 22. Qxd6+ Rxd6 23. Nf4 Ba6 24. Re5 Bc8 25. Ng6 Re8 26. Ne7 Re6 27. Rxe6 Bxe6 28. Nxc6+ Kc7 29. Ne5 Ne4 30. Re1 h5 31. Ng6 Kd6 32. Rf1 Bd7 33. c3 Bb5 34. Rxf5 Nxc3 35. Rf6+ Kc7 36. Rf7+ Kd6 37. Rf6+ Kc7 38. bxc3 Re1+ 39. Kb2 Re2+ 40. Ka3 Rxg2 41. Nf4 Rxh2 42. Nxd5+ Kd8 43. Rd6+ Kc8 44. Rxb6 Bd3 45. Nf4 Kc7 46. Rb2 Rxb2 47. Kxb2 h4 48. Nxd3 hxg3 49. Nf4 Kd6 50. c4 1-0

[Event "Reykjavik op"]
[Site "Reykjavik"]
[Date "2024.03.18"]
[Round "6"]
[White "Heidarsson, Mikael Bjarki"]
[Black "Leliveld, Andrew"]
[Result "1-0"]
[WhiteElo "1913"]
[BlackElo "1657"]
[PlyCount "129"]
[EventDate "2024.03.15"]
[EventType "swiss"]
[EventRounds "9"]
[EventCountry "ISL"]
[SourceTitle "CBM 219 Extra"]
[Source "ChessBase"]
[SourceDate "2024.05.31"]
[SourceVersion "1"]
[SourceVersionDate "2024.05.31"]
[SourceQuality "1"]

1. d4 f5 2. Bg5 Nf6 3. Bxf6 exf6 4. c4 Nc6 5. e3 b6 6. Nc3 Bb7 7. Nf3 Bb4 8. Bd3 g6 9. h4 Qe7 10. Kf1 Bxc3 11. bxc3 d6 12. h5 0-0-0 13. Nh4 Na5 14. Kg1 Ba6 15. g3 Bxc4 16. hxg6 hxg6 17. Nxg6 Rxh1+ 18. Kxh1 Qh7+ 19. Nh4 Bd5+ 20. Kg1 Be4 21. f3 Rg8 22. Kf2 f4 23. Ba6+ Bb7 24. Bxb7+ Kxb7 25. exf4 Re8 26. Qb1 Qe7 27. Qd3 d5 28. Ng2 Qa3 29. Qc2 Nc4 30. Re1 Rxe1 31. Nxe1 a5 32. g4 Ka6 33. g5 Qe7 34. Qc1 Qh7 35. Ng2 c6 36. Kg3 Qg6 37. Nh4 Qe8 38. g6 f5 39. Qb1 Nd6 40. Kh3 Qh8 41. Qf1+ Kb7 42. Qg2 Ne8 43. Qg5 Ng7 44. Kg3 Qf8 45. Kg2 c5 46. Qh6 Qf6 47. Qh7 Kc6 48. Qh8 cxd4 49. cxd4 Qxd4 50. Nxf5 Qd2+ 51. Kh3 Qxf4 52. Ne7+ Kc5 53. Qxg7 Qxf3+ 54. Kh4 Qf4+ 55. Kh5 Qf3+ 56. Kg5 Qe3+ 57. Kf5 Qe4+ 58. Kf6 Qd4+ 59. Kf7 Qxg7+ 60. Kxg7 d4 61. Kf7 d3 62. Nf5 d2 63. Ne3 Kd4 64. Nd1 Kd3 65. g7 1-0